Law of Contract / (Record no. 6681)
[ view plain ]
| 000 -LEADER | |
|---|---|
| fixed length control field | 00588nam a22002057a 4500 |
| 003 - CONTROL NUMBER IDENTIFIER | |
| control field | BUBTL |
| 008 - FIXED-LENGTH DATA ELEMENTS--GENERAL INFORMATION | |
| fixed length control field | 220411b ||||| |||| 00| 0 eng d |
| 020 ## - INTERNATIONAL STANDARD BOOK NUMBER | |
| International Standard Book Number | 9843218860 |
| 082 ## - DEWEY DECIMAL CLASSIFICATION NUMBER | |
| Classification number | 346/ H211l/ 2016 |
| 100 ## - MAIN ENTRY--PERSONAL NAME | |
| 9 (RLIN) | 2101 |
| Personal name | Haque, Muhammad Ekramul |
| 245 ## - TITLE STATEMENT | |
| Title | Law of Contract / |
| Statement of responsibility, etc. | Muhammad Ekramul Haque |
| 250 ## - EDITION STATEMENT | |
| Edition statement | 3rd Edn. |
| 260 ## - PUBLICATION, DISTRIBUTION, ETC. (IMPRINT) | |
| Place of publication, distribution, etc. | Dhaka: |
| Name of publisher, distributor, etc. | Law Lyceum, |
| Date of publication, distribution, etc. | c2016 |
| 300 ## - PHYSICAL DESCRIPTION | |
| Extent | xxiv, 730 p.: |
| Dimensions | 22 cm. |
| 505 ## - FORMATTED CONTENTS NOTE | |
| Formatted contents note | Muhammad Ekramul Haque, Law of Contract |
| 650 #0 - SUBJECT ADDED ENTRY--TOPICAL TERM | |
| 9 (RLIN) | 26 |
| Topical term or geographic name as entry element | Law |
| 856 ## - ELECTRONIC LOCATION AND ACCESS | |
| Password | 0 |
| Logon | 0 |
| Link text | Download |
| 942 ## - ADDED ENTRY ELEMENTS (KOHA) | |
| Source of classification or shelving scheme | |
| Koha item type | Books |
| Withdrawn status | Lost status | Source of classification or shelving scheme | Damaged status | Not for loan | Collection code | Permanent location | Current location | Shelving location | Date acquired | Source of acquisition | Inventory number | Total Checkouts | Full call number | Barcode | Date last seen | Copy number | Price effective from | Koha item type | Total Renewals | Date last checked out |
|---|---|---|---|---|---|---|---|---|---|---|---|---|---|---|---|---|---|---|---|---|
| Not For Loan | Non-fiction | Bangladesh University of Business and Technology Library | Bangladesh University of Business and Technology Library | Law Stacks | 03/27/2022 | Purchase | 28542 | 346/ H211l/ 2016 | BUBTL-200328542 | 04/11/2022 | C-1 | 04/11/2022 | Books | |||||||
| Non-fiction | Bangladesh University of Business and Technology Library | Bangladesh University of Business and Technology Library | Law Stacks | 03/27/2022 | Purchase | 28543 | 7 | 346/ H211l/ 2016 | BUBTL-200328543 | 03/19/2024 | C-2 | 04/11/2022 | Books | 1 | 03/11/2024 | |||||
| Non-fiction | Bangladesh University of Business and Technology Library | Bangladesh University of Business and Technology Library | Law Stacks | 03/27/2022 | Purchase | 28544 | 346/ H211l/ 2016 | BUBTL-200328544 | 04/11/2022 | C-3 | 04/11/2022 | Books | ||||||||
| Non-fiction | Bangladesh University of Business and Technology Library | Bangladesh University of Business and Technology Library | Law Stacks | 03/27/2022 | Purchase | 28545 | 13 | 346/ H211l/ 2016 | BUBTL-200328545 | 08/20/2024 | C-4 | 04/11/2022 | Books | 1 | 07/14/2024 | |||||
| Not For Loan | Non-fiction | Bangladesh University of Business and Technology Library | Bangladesh University of Business and Technology Library | Law Stacks | 03/27/2022 | Purchase | 28546 | 346/ H211l/ 2016 | BUBTL-200328546 | 04/11/2022 | C-5 | 04/11/2022 | Books |
